000
00278nam a2200121Ia 4500
008
190216s9999||||xx |||||||||||||| ||und||
100
_a
Robert C Appleby
245
0
_a
Modern Business Administration
260
_b
Null
_c
1978
300
_a
365p
650
_a
Commerce
942
_c
BK
999
_c
4420
_d
4420